Screen generation (Record n. 210890)

Dettagli MARC
000 -LEADER
fixed length control field 01213nam a2200205Ia 4500
001 - CONTROL NUMBER
control field b6179-43198
003 - CONTROL NUMBER IDENTIFIER
control field IT-MiCISF
008 - FIXED-LENGTH DATA ELEMENTS--GENERAL INFORMATION
fixed length control field 161014s9999||||xx |||||||||||||| ||und||
040 ## - CATALOGING SOURCE
Original cataloging agency IT-MiCISF
Transcribing agency IT-MiCISF
041 ## - LANGUAGE CODE
Language code of text/sound track or separate title it
999 ## - SYSTEM CONTROL NUMBERS (KOHA)
Koha Dewey Subclass [OBSOLETE] si
100 ## - MAIN ENTRY--PERSONAL NAME
Personal name Rivoltella Pier Cesare
245 #0 - TITLE STATEMENT
Title Screen generation
Remainder of title Gli adolescenti e le prospettive dell'educazione nell'età dei media digitali
250 ## - EDITION STATEMENT
Edition statement 1a ed.
260 ## - PUBLICATION, DISTRIBUTION, ETC. (IMPRINT)
Place of publication, distribution, etc. Milano
Name of publisher, distributor, etc. Vita e Pensiero
Date of publication, distribution, etc. 2006
300 ## - PHYSICAL DESCRIPTION
Extent pp. 294
500 ## - GENERAL NOTE
General note / adolescenza, formazione-personalità, figli-adolescenti, educazione, nuovi-media, scuola, società / L'autore presenta una ricerca sul rapporto tra gli adolescenti italiani e i nuovi media all'interno di una più ampia ricerca europea. L'indagine aveva due obiettivi: da un lato individuare i consumi culturali degli adolescenti in ordine ai personal media, dall'altro individuare alcune linee per gli interventi educativi da proporre in famiglia e a scuola. I risultati evidenziano la grande ricchezza e potenzialità dei nuovi media che richiedono, però, adulti competenti nell'accompagnare i ragazzi a scelte consapevoli.
650 ## - SUBJECT ADDED ENTRY--TOPICAL TERM
Topical term or geographic name as entry element Adolescenti e giovani / educazione
Relator term 009
942 ## - ADDED ENTRY ELEMENTS (KOHA)
Koha item type LIBRO
957 ## -
-- 1
999 ## - SYSTEM CONTROL NUMBERS (KOHA)
-- 1
Dati di copia
Withdrawn status Lost status Damaged status Not for loan Home library Current library Date acquired Total Checkouts Full call number Date last seen Price effective from Koha item type Public note
    Buone Condizioni Not For Loan CISF - Milano CISF - Milano 14/10/2016   b6179-43198 14/10/2016 14/10/2016 LIBRO Data import 15.10.2016 / by Epidotti, Vaglietti
CREDITS: SOCIETA' SAN PAOLO Via A.Severo, 58 - ROMA (RM) & PERIODICI SAN PAOLO SRL Via Giotto, 36 MILANO & CISF Via Giotto, 36 MILANO & EDIZIONI SAN PAOLO SRL,  Piazza Soncino, 5 CINISELLO BALSAMO (MI) -- ITALY